000 00366 a2200109 4500
001 ART_7876
005 20260410161638.0
008 260409a
245 1 0 _aProvincia de Buenos Aires. Actividad financiera. Recientes opiniones de interés
100 1 _aCalcagno, Gabriel A
773 0 _tConsultor tributario
_g- Vol. 2, Nº 16 (jun. 2008)
_wREV474
999 _c13090
_d13090